El crepúsculo de los filósofos
Gespeichert in:
| 1. Verfasser: | |
|---|---|
| Format: | Buch |
| Sprache: | Spanisch |
| Veröffentlicht: |
Santiago
Osiris
1933
|
| Ausgabe: | 2a. ed |
| Schriftenreihe: | Colección Mundo Nuevo. Biblioteca de ideas y estudios contemporáneos, 4
|
| Schlagworte: | |
| Tags: |
Tag hinzufügen
Keine Tags, Fügen Sie den ersten Tag hinzu!
|
MARC
| LEADER | 00000nam a2200000 a 4500 | ||
|---|---|---|---|
| 001 | UCZ2678 | ||
| 003 | CL-VaPUC | ||
| 005 | 20241127084741.0 | ||
| 008 | 951005e19330000CL |||||||||||||||||spa|d | ||
| 999 | |c 239237 |d 239235 | ||
| 040 | |c Pontificia Universidad Católica de Valparaíso | ||
| 082 | 0 | 4 | |a 195 |b PAP |2 21 |
| 100 | |a Papini, Giovanni |e autor |9 456366 | ||
| 245 | 1 | 3 | |a El crepúsculo de los filósofos |
| 250 | |a 2a. ed | ||
| 260 | |a Santiago |b Osiris |c 1933 | ||
| 300 | |a 150 p | ||
| 490 | 0 | |a Colección Mundo Nuevo. Biblioteca de ideas y estudios contemporáneos, 4 | |
| 583 | |a last modification |c 19951005 00:00:00 |k Rodrigo Vera | ||
| 600 | 0 | 7 | |a SCHOPENHAUER, ARTHUR |2 CL-VaPUC |9 265694 |
| 600 | 0 | 7 | |a SPENCER, HERBERT |2 CL-VaPUC |9 256539 |
| 600 | 0 | |a Nietzsche, Friedrich |q (Friedrich Wilhelm) |d 1844-1900 |9 858277 | |
| 600 | 0 | |a Comte, Auguste |9 334591 | |
| 600 | 0 | |a Hegel, Georg Wilhelm Friedrich |d 1770-1831 |9 860268 | |
| 600 | 0 | |a Kant, Immanuel, |d 1724-1804 |9 858687 | |
| 650 | 0 | |a Filosofía |9 223554 | |
| 650 | 0 | |a Escuelas filosóficas |9 266232 | |
| 942 | |c BK |2 ddc | ||
| 945 | |d 19951005 00:00:00 |a lriquelm | ||
| 952 | |0 0 |1 0 |4 0 |6 195_000000000000000_PAP_1933 |7 0 |8 P |9 250213 |a BIBEDU |b BIBEDU |c BIBEDU_PB |d 2019-11-18 |i 3129985 |l 1 |o 195 PAP 1933 |p 3129985 |r 2024-08-20 |s 2024-08-14 |w 2019-11-18 |y BK |k FIL | ||